01370nam a2200325Ia 4500001001200000003000800012006001900020007001500039008004100054010001700095020003600112020001800148040002100166035002100187050002400208100002500232245010000257260005100357300002500408490003100433504006600464533015200530650004300682651005400725651004600779655002900825710001700854830004700871856012600918ebr10366788CaPaEBRm u cr cn|||||||||011030s2002 ilua sb 001 0 eng d z 2001052756 z0226500837 (cloth : alk. paper) z9780226500836 aCaPaEBRcCaPaEBR a(OCoLC)59327415514aHB3505b.M33 2002eb1 aMacunovich, Diane J.10aBirth quakeh[electronic resource] :bthe baby boom and its aftershocks /cDiane J. Macunovich. aChicago :bUniversity of Chicago Press,c2002. axiii, 314 p. :bill.1 aPopulation and development aIncludes bibliographical references (p. 283-296) and indexes. aElectronic reproduction.bPalo Alto, Calif. :cebrary,d2010.nAvailable via World Wide Web.nAccess may be limited to ebrary affiliated libraries. 0aOverpopulationxHistoryy20th century. 0aUnited StatesxPopulationxHistoryy20th century. 0aUnited StatesxEconomic conditionsy1945- 7aElectronic books.2local2 aebrary, Inc. 0aPopulation and development (Chicago, Ill.)40uhttp://site.ebrary.com/lib/rucke/Doc?id=10366788zAn electronic book accessible through the World Wide Web; click to view